| 000 | 00340 a2200145 4500 | ||
|---|---|---|---|
| 001 | 154593 | ||
| 040 | _cEscola São Tomás de Aquino | ||
| 100 | _aCRUZ, Therezinha M. L. da | ||
| 240 | 1 | 0 |
_aDescobrindo novos caminhos _lpor |
| 245 | 1 | 0 | _aDescobrindo novos caminhos |
| 300 | _a159 | ||
| 440 | 1 | _aFTD | |
| 697 | _aRELIGIÃO | ||
| 942 | _cBK | ||
| 999 |
_c154593 _d154593 |
||